Environmental studies : (Record no. 70952)

MARC details
000 -LEADER
fixed length control field 00992nam a22002537a 4500
005 - DATE AND TIME OF LATEST TRANSACTION
control field 20121016110333.0
008 - FIXED-LENGTH DATA ELEMENTS--GENERAL INFORMATION
fixed length control field 121016t xxu||||| |||| 00| 0 eng d
010 ## - LCCN (DPL NO)
LC control number ENG-106097
020 ## - INTERNATIONAL STANDARD BOOK NUMBER
International Standard Book Number 9781259006050
Terms of availability 595.00
035 ## - SYSTEM CONTROL NUMBER
System control number EN-89630
037 ## - SOURCE OF ACQUISITION
Source of stock number/acquisition DBAD/PUB
040 ## - CATALOGING SOURCE
Original cataloging agency DPL
Language of cataloging Eng
082 ## - DEWEY DECIMAL CLASSIFICATION NUMBER
Classification number 363.7
100 ## - MAIN ENTRY--PERSONAL NAME
Personal name Arceivala, Soli J.
9 (RLIN) 53129
245 10 - TITLE STATEMENT
Title Environmental studies :
Statement of responsibility, etc by Soli J. Arceivala [and] Shyam R. Asolekar
Remainder of title a practitioner's approach /
260 ## - PUBLICATION, DISTRIBUTION, ETC. (IMPRINT)
Place of publication, distribution, etc New Delhi
Name of publisher, distributor, etc Tata McGraw-Hill
Date of publication, distribution, etc 2012
270 ## - ADDRESS
Address 7 West Patel Nagar
City New Delhi
Postal code 110008
300 ## - PHYSICAL DESCRIPTION
Extent xvii,322p. :
Other physical details ill.
Dimensions 23cm(pbk)
500 ## - GENERAL NOTE
General note Includes index
700 ## - ADDED ENTRY--PERSONAL NAME
Personal name Asolekar, Shyam R.
9 (RLIN) 53130
942 ## - ADDED ENTRY ELEMENTS (KOHA)
Source of classification or shelving scheme Dewey Decimal Classification
Item type English Books
Classification part 363.7
Call number suffix ARC
Holdings
Withdrawn status Lost status Source of classification or shelving scheme Damaged status Not for loan Collection code Home library Current library Date acquired Source of acquisition Cost, normal purchase price Total Checkouts Full call number Barcode Date last seen Copy number Cost, replacement price Koha item type
    Dewey Decimal Classification   Not For Loan Non-fiction D.B.Act.Division D.B.Act.Division 16/10/2012 DBAD/PUB 595.00   363.7 ARC EN-89630 16/10/2012 1 595.00 English Books

© Delhi Public Library
Hit Counter
free hit counter